The feeding system of the pigeon (Columbia livia L.) /

Bibliographic Details
Main Author: Zweers, G. A.
Format: Book
Language:English
Published: Berlin ; New York : Springer-Verlag, 1982.
Series:Advances in anatomy, embryology, and cell biology ; v. 73.
Subjects:

MARC

Tag First Indicator Second Indicator Subfields
LEADER 00000cam a22000008a 4500
001 in00000050081
005 20151007080019.0
008 820108s1982 wb a b 00110 eng
010 |a  81023303  
020 |a 0387113320 
035 |a (OCoLC)08132514 
035 |9 AAF4131AM 
039 0 |a 2  |b 3  |c 3  |d 3  |e 3 
040 |a DLC  |c DLC  |d WAU  |d TXA  |d UtOrBLW 
049 |a TXAM  |c [1197081] 
050 0 0 |a QL801  |b .E67 vol. 73 
082 0 |a 574.4 s  |a 598/.65  |2 19 
096 |a W1 AD428 v.73 
100 1 |a Zweers, G. A. 
245 1 4 |a The feeding system of the pigeon (Columbia livia L.) /  |c Gart Zweers. 
263 |a 8204 
264 1 |a Berlin ;  |a New York :  |b Springer-Verlag,  |c 1982. 
300 |a vii, 108 pages :  |b illustrations ;  |c 25 cm. 
336 |a text  |b txt  |2 rdacontent 
337 |a unmediated  |b n  |2 rdamedia 
338 |a volume  |b nc  |2 rdacarrier 
490 1 |a Advances in anatomy, embryology, and cell biology ;  |v v. 73 
500 |a Includes index. 
504 |a Bibliography: pages 100-104. 
650 0 |a Pigeons  |x Anatomy. 
650 0 |a Pigeons  |x Food. 
650 0 |a Mouth. 
650 0 |a Pharynx. 
650 0 |a Larynx. 
650 0 |a Birds  |x Anatomy. 
650 0 |a Birds  |x Food. 
650 2 |a Drinking Behavior  |x physiology. 
650 2 |a Feeding Behavior  |x physiology. 
650 2 |a Columbidae  |x physiology. 
830 0 |a Advances in anatomy, embryology, and cell biology ;  |v v. 73. 
999 |a MARS 
999 f f |s d69a0405-4f84-3efe-a7ec-6162f593143b  |i 7c7ef983-dbd4-354f-b17d-3883eaa5ad12  |t 0 
952 f f |p ric  |a Texas A&M University  |b Rellis Campus  |c Joint Library Facility  |d Remote Storage  |t 0  |e QL801 .E67 v.73  |h Library of Congress classification  |i unmediated -- volume  |m A14805946038 
998 f f |a QL801 .E67 v.73  |t 0  |l Remote Storage